000
00285nam a2200109Ia 4500
008
200302s9999 xx 000 0 und d
100
_a
S. C. Rangwala & Others
245
_a
Elements of Estimating and Costing
260
_b
Charotar Publishing HOuse
260
_c
1995
300
_a
392 P.,
999
_c
1058
_d
1058